000
00215nam a2200097Ia 4500
008
240331s9999 xx 000 0 und d
082
_b
HAB
100
_a
Habib, I
245
0
_a
Marxiavarlatriyal prachnaigal
942
_c
L
999
_c
3594
_d
3594